[Event "M.I. Dvoretsky Memorial 2022"]
[Site "Moscow, Russia"]
[Date "2022.12.11"]
[Round "4.3"]
[White "Popov, Ivan"]
[Black "Murzin, Volodar"]
[Result "1/2-1/2"]
[TimeControl "45'+15\""]
[WhiteTitle "GM"]
[BlackTitle "GM"]
[WhiteFideId "4170350"]
[BlackFideId "44155573"]
[WhiteElo "2627"]
[BlackElo "2561"]

1. e4 {[%clk 00:45:27]} {[%emt 00:00:01]} c5 {[%clk 00:45:21]} {[%emt
00:00:10]} 2. Nf3 {[%clk 00:45:35]} {[%emt 00:00:06]} d6 {[%clk 00:45:33]}
{[%emt 00:00:04]} 3. d4 {[%clk 00:45:39]} {[%emt 00:00:11]} cxd4 {[%clk
00:45:43]} {[%emt 00:00:05]} 4. Nxd4 {[%clk 00:45:49]} {[%emt 00:00:05]} Nf6
{[%clk 00:45:55]} {[%emt 00:00:04]} 5. f3 {[%clk 00:45:54]} {[%emt 00:00:10]}
e5 {[%clk 00:45:21]} {[%emt 00:00:49]} 6. Nb3 {[%clk 00:46:03]} {[%emt
00:00:06]} Be7 {[%clk 00:44:24]} {[%emt 00:01:13]} 7. c4 {[%clk 00:46:04]}
{[%emt 00:00:13]} a5 {[%clk 00:44:30]} {[%emt 00:00:10]} 8. Be3 {[%clk
00:46:09]} {[%emt 00:00:09]} a4 {[%clk 00:43:49]} {[%emt 00:00:58]} 9. N3d2
{[%clk 00:46:17]} {[%emt 00:00:06]} Qa5 {[%clk 00:43:28]} {[%emt 00:00:36]} 10.
Nc3 {[%clk 00:46:22]} {[%emt 00:00:10]} O-O {[%clk 00:42:06]} {[%emt 00:01:37]}
11. Be2 {[%clk 00:45:30]} {[%emt 00:01:07]} Be6 {[%clk 00:39:29]} {[%emt
00:02:52]} 12. O-O {[%clk 00:44:48]} {[%emt 00:00:57]} Bd8 {[%clk 00:36:29]}
{[%emt 00:03:15]} 13. Kh1 {[%clk 00:44:49]} {[%emt 00:00:13]} Nc6 {[%clk
00:30:18]} {[%emt 00:06:27]} 14. Rc1 {[%clk 00:32:52]} {[%emt 00:12:11]} Nd7
{[%clk 00:24:48]} {[%emt 00:05:46]} 15. Nb5 {[%clk 00:27:13]} {[%emt 00:05:53]}
Bb6 {[%clk 00:23:24]} {[%emt 00:01:40]} 16. Bxb6 {[%clk 00:27:16]} {[%emt
00:00:11]} Qxb6 {[%clk 00:23:30]} {[%emt 00:00:10]} 17. Nb1 {[%clk 00:23:14]}
{[%emt 00:04:17]} Nc5 {[%clk 00:17:32]} {[%emt 00:06:14]} 18. N1c3 {[%clk
00:19:26]} {[%emt 00:04:03]} Rfd8 {[%clk 00:17:07]} {[%emt 00:00:40]} 19. Qd2
{[%clk 00:19:38]} {[%emt 00:00:02]} Na7 {[%clk 00:13:30]} {[%emt 00:03:52]} 20.
Rfd1 {[%clk 00:17:01]} {[%emt 00:02:52]} Nxb5 {[%clk 00:13:32]} {[%emt
00:00:14]} 21. Nxb5 {[%clk 00:17:14]} {[%emt 00:00:02]} Rd7 {[%clk 00:08:15]}
{[%emt 00:05:31]} 22. Qe3 {[%clk 00:16:07]} {[%emt 00:01:21]} Qc6 {[%clk
00:07:43]} {[%emt 00:00:48]} 23. Rd2 {[%clk 00:15:37]} {[%emt 00:00:45]} h6
{[%clk 00:07:40]} {[%emt 00:00:18]} 24. Rcd1 {[%clk 00:12:13]} {[%emt
00:03:39]} Rad8 {[%clk 00:07:41]} {[%emt 00:00:14]} 25. Qa3 {[%clk 00:12:02]}
{[%emt 00:00:25]} Qa6 {[%clk 00:05:28]} {[%emt 00:02:29]} 26. g3 {[%clk
00:10:15]} {[%emt 00:02:03]} Qc6 {[%clk 00:04:48]} {[%emt 00:00:56]} 27. Kg2
{[%clk 00:10:20]} {[%emt 00:00:10]} f5 {[%clk 00:04:17]} {[%emt 00:00:45]} 28.
exf5 {[%clk 00:10:06]} {[%emt 00:00:29]} Bxf5 {[%clk 00:04:29]} {[%emt
00:00:04]} 29. Qe3 {[%clk 00:10:03]} {[%emt 00:00:18]} Kh8 {[%clk 00:04:21]}
{[%emt 00:00:23]} 30. h4 {[%clk 00:09:26]} {[%emt 00:00:51]} Bg6 {[%clk
00:02:50]} {[%emt 00:01:47]} 31. Kh2 {[%clk 00:09:09]} {[%emt 00:00:32]} b6
{[%clk 00:02:58]} {[%emt 00:00:08]} 32. Bf1 {[%clk 00:07:22]} {[%emt 00:02:01]}
Bf5 {[%clk 00:01:24]} {[%emt 00:01:49]} 33. Bg2 {[%clk 00:07:18]} {[%emt
00:00:19]} Nb7 {[%clk 00:00:55]} {[%emt 00:00:45]} 34. b3 {[%clk 00:05:13]}
{[%emt 00:02:19]} axb3 {[%clk 00:00:55]} {[%emt 00:00:15]} 35. axb3 {[%clk
00:05:27]} Qc5 {[%clk 00:01:06]} {[%emt 00:00:04]} 36. Qc3 {[%clk 00:03:33]}
{[%emt 00:02:09]} d5 {[%clk 00:00:58]} {[%emt 00:00:24]} 37. Qxe5 {[%clk
00:03:38]} {[%emt 00:00:10]} dxc4 {[%clk 00:01:11]} {[%emt 00:00:02]} 38. Qxc5
{[%clk 00:03:51]} {[%emt 00:00:02]} bxc5 {[%clk 00:00:28]} {[%emt 00:00:58]} 39.
Rxd7 {[%clk 00:04:04]} {[%emt 00:00:02]} Rxd7 {[%clk 00:00:41]} {[%emt
00:00:02]} 40. Rxd7 {[%clk 00:04:16]} {[%emt 00:00:02]} Bxd7 {[%clk 00:00:55]}
{[%emt 00:00:01]} 41. bxc4 {[%clk 00:04:30]} {[%emt 00:00:02]} Be6 {[%clk
00:00:54]} {[%emt 00:00:16]} 42. Bf1 {[%clk 00:04:28]} {[%emt 00:00:17]} Na5
{[%clk 00:01:08]} {[%emt 00:00:01]} 43. Na3 {[%clk 00:03:05]} {[%emt 00:01:38]}
g5 {[%clk 00:00:52]} {[%emt 00:00:31]} 44. f4 {[%clk 00:02:28]} {[%emt
00:00:51]} gxf4 {[%clk 00:00:47]} {[%emt 00:00:20]} 45. gxf4 {[%clk 00:02:42]}
{[%emt 00:00:01]} Kg7 {[%clk 00:01:01]} {[%emt 00:00:01]} 46. Kg3 {[%clk
00:02:54]} {[%emt 00:00:03]} Kf6 {[%clk 00:01:14]} {[%emt 00:00:02]} 47. Bd3
{[%clk 00:02:46]} {[%emt 00:00:23]} Bf7 {[%clk 00:00:37]} {[%emt 00:00:53]} 48.
Kf2 {[%clk 00:02:42]} {[%emt 00:00:19]} Be6 {[%clk 00:00:36]} {[%emt 00:00:16]}
49. Ke3 {[%clk 00:02:46]} {[%emt 00:00:10]} Bf5 {[%clk 00:00:30]} {[%emt
00:00:21]} 50. Be4 {[%clk 00:02:00]} {[%emt 00:01:01]} Bh3 {[%clk 00:00:20]}
{[%emt 00:00:26]} 51. Kd3 {[%clk 00:01:52]} {[%emt 00:00:23]} Bf1+ {[%clk
00:00:23]} {[%emt 00:00:11]} 52. Kc3 {[%clk 00:02:05]} {[%emt 00:00:02]} Be2
{[%clk 00:00:27]} {[%emt 00:00:11]} 53. Bc2 {[%clk 00:00:46]} {[%emt 00:01:34]}
Ke6 {[%clk 00:00:22]} {[%emt 00:00:20]} 54. Bb1 {[%clk 00:00:31]} {[%emt
00:00:29]} Kf6 {[%clk 00:00:34]} {[%emt 00:00:04]} 55. Bh7 {[%clk 00:00:44]}
{[%emt 00:00:01]} Ke6 {[%clk 00:00:23]} {[%emt 00:00:26]} 56. Kd2 {[%clk
00:00:22]} {[%emt 00:00:37]} Nxc4+ {[%clk 00:00:24]} {[%emt 00:00:14]} 57. Nxc4
{[%clk 00:00:35]} {[%emt 00:00:02]} Bxc4 {[%clk 00:00:38]} {[%emt 00:00:01]} 58.
Bg8+ {[%clk 00:00:49]} {[%emt 00:00:01]} Kf5 {[%clk 00:00:52]} {[%emt
00:00:01]} 59. Bxc4 {[%clk 00:01:02]} {[%emt 00:00:02]} Kxf4 {[%clk 00:01:06]}
{[%emt 00:00:02]} 1/2-1/2

[ePGN "0.1;DGT LiveChess/2.2.5"]

[Event "M.I. Dvoretsky Memorial 2022"]
[Site "Moscow, Russia"]
[Date "2022.12.12"]
[Round "5.4"]
[White "Makarian, Rudik"]
[Black "Zvjaginsev, Vadim"]
[Result "1/2-1/2"]
[TimeControl "45'+15\""]
[WhiteTitle "IM"]
[BlackTitle "GM"]
[WhiteFideId "44105681"]
[BlackFideId "4113403"]
[WhiteElo "2554"]
[BlackElo "2598"]

1. Nf3 {[%clk 00:45:26]} {[%emt 00:00:03]} g6 {[%clk 00:45:12]} {[%emt
00:00:19]} 2. d4 {[%clk 00:45:06]} {[%emt 00:00:35]} Bg7 {[%clk 00:44:56]}
{[%emt 00:00:31]} 3. c4 {[%clk 00:45:10]} {[%emt 00:00:11]} c5 {[%clk
00:44:49]} {[%emt 00:00:22]} 4. d5 {[%clk 00:44:19]} {[%emt 00:01:06]} d6
{[%clk 00:44:37]} {[%emt 00:00:27]} 5. e4 {[%clk 00:43:23]} {[%emt 00:01:11]}
e5 {[%clk 00:42:02]} {[%emt 00:02:50]} 6. Nc3 {[%clk 00:40:35]} {[%emt
00:03:03]} Bg4 {[%clk 00:41:19]} {[%emt 00:00:59]} 7. Be2 {[%clk 00:38:14]}
{[%emt 00:02:35]} Bxf3 {[%clk 00:40:41]} {[%emt 00:00:53]} 8. Bxf3 {[%clk
00:38:15]} {[%emt 00:00:13]} h5 {[%clk 00:40:39]} {[%emt 00:00:18]} 9. b4
{[%clk 00:33:49]} {[%emt 00:04:40]} cxb4 {[%clk 00:33:03]} {[%emt 00:07:51]} 10.
Qa4+ {[%clk 00:33:44]} {[%emt 00:00:19]} Kf8 {[%clk 00:31:34]} {[%emt
00:01:44]} 11. Qxb4 {[%clk 00:33:10]} {[%emt 00:00:49]} Na6 {[%clk 00:31:45]}
{[%emt 00:00:04]} 12. Qxb7 {[%clk 00:26:58]} {[%emt 00:06:27]} Nc5 {[%clk
00:31:23]} {[%emt 00:00:37]} 13. Qb1 {[%clk 00:27:04]} {[%emt 00:00:09]} Rb8
{[%clk 00:28:35]} {[%emt 00:03:03]} 14. Qc2 {[%clk 00:26:34]} {[%emt 00:00:43]}
Bh6 {[%clk 00:28:46]} {[%emt 00:00:05]} 15. Ba3 {[%clk 00:23:44]} {[%emt
00:03:06]} Qa5 {[%clk 00:28:38]} {[%emt 00:00:23]} 16. Bxc5 {[%clk 00:23:49]}
{[%emt 00:00:09]} Qxc5 {[%clk 00:28:48]} {[%emt 00:00:06]} 17. Be2 {[%clk
00:20:11]} {[%emt 00:03:53]} Nf6 {[%clk 00:27:45]} {[%emt 00:01:18]} 18. O-O
{[%clk 00:20:13]} {[%emt 00:00:13]} Kg7 {[%clk 00:27:04]} {[%emt 00:00:56]} 19.
Rab1 {[%clk 00:18:28]} {[%emt 00:02:00]} Nd7 {[%clk 00:19:25]} {[%emt
00:07:54]} 20. Na4 {[%clk 00:17:01]} {[%emt 00:01:42]} Qc7 {[%clk 00:14:29]}
{[%emt 00:05:11]} 21. c5 {[%clk 00:15:41]} {[%emt 00:01:35]} Rxb1 {[%clk
00:13:54]} {[%emt 00:00:50]} 22. Rxb1 {[%clk 00:15:47]} {[%emt 00:00:08]} Nxc5
{[%clk 00:14:03]} {[%emt 00:00:07]} 23. Nxc5 {[%clk 00:15:02]} {[%emt
00:01:00]} Rc8 {[%clk 00:14:14]} {[%emt 00:00:04]} 24. Ne6+ {[%clk 00:14:03]}
{[%emt 00:01:13]} fxe6 {[%clk 00:14:24]} {[%emt 00:00:05]} 25. Qd3 {[%clk
00:10:32]} {[%emt 00:03:47]} exd5 {[%clk 00:13:30]} {[%emt 00:01:09]} 26. Qxd5
{[%clk 00:09:03]} {[%emt 00:01:43]} Rb8 {[%clk 00:13:42]} {[%emt 00:00:03]} 27.
Rxb8 {[%clk 00:08:43]} {[%emt 00:00:34]} Qxb8 {[%clk 00:13:53]} {[%emt
00:00:05]} 28. g3 {[%clk 00:08:06]} {[%emt 00:00:52]} Bg5 {[%clk 00:12:49]}
{[%emt 00:01:19]} 29. Bc4 {[%clk 00:06:47]} {[%emt 00:01:34]} Qf8 {[%clk
00:12:41]} {[%emt 00:00:23]} 30. h4 {[%clk 00:06:45]} {[%emt 00:00:17]} Bd8
{[%clk 00:12:32]} {[%emt 00:00:24]} 31. Qb7+ {[%clk 00:05:09]} {[%emt
00:01:51]} Qe7 {[%clk 00:12:42]} {[%emt 00:00:05]} 32. Qc8 {[%clk 00:05:16]}
{[%emt 00:00:08]} Qf8 {[%clk 00:11:16]} {[%emt 00:01:42]} 33. Qd7+ {[%clk
00:04:49]} {[%emt 00:00:42]} Qe7 {[%clk 00:11:24]} {[%emt 00:00:06]} 34. Qc8
{[%clk 00:05:02]} {[%emt 00:00:02]} Qf8 {[%clk 00:11:35]} {[%emt 00:00:05]} 35.
Kg2 {[%clk 00:05:09]} {[%emt 00:00:07]} Bb6 {[%clk 00:11:39]} {[%emt 00:00:11]}
36. Qd7+ {[%clk 00:05:22]} {[%emt 00:00:03]} Kh6 {[%clk 00:11:44]} {[%emt
00:00:10]} 37. Bf7 {[%clk 00:05:10]} {[%emt 00:00:27]} Kg7 {[%clk 00:11:29]}
{[%emt 00:00:29]} 38. Be6+ {[%clk 00:05:20]} {[%emt 00:00:05]} Kh6 {[%clk
00:11:37]} {[%emt 00:00:07]} 39. f3 {[%clk 00:04:11]} {[%emt 00:01:24]} d5
{[%clk 00:10:48]} {[%emt 00:01:05]} 40. Qxd5 {[%clk 00:02:20]} {[%emt
00:02:06]} Qc5 {[%clk 00:10:51]} {[%emt 00:00:12]} 41. Qd2+ {[%clk 00:02:19]}
{[%emt 00:00:15]} Qe3 {[%clk 00:10:59]} {[%emt 00:00:08]} 42. Qxe3+ {[%clk
00:00:47]} {[%emt 00:01:47]} Bxe3 {[%clk 00:11:10]} {[%emt 00:00:04]} 43. f4
{[%clk 00:00:45]} {[%emt 00:00:17]} exf4 {[%clk 00:11:16]} {[%emt 00:00:08]} 44.
Kf3 {[%clk 00:00:57]} {[%emt 00:00:02]} Bd2 {[%clk 00:11:26]} {[%emt 00:00:06]}
45. gxf4 {[%clk 00:00:57]} {[%emt 00:00:15]} Be1 {[%clk 00:11:37]} {[%emt
00:00:04]} 1/2-1/2

[Event "M.I. Dvoretsky Memorial 2022"]
[Site "Moscow, Russia"]
[Date "2022.12.12"]
[Round "5.3"]
[White "Murzin, Volodar"]
[Black "Popov, Ivan"]
[Result "1/2-1/2"]
[TimeControl "45'+15\""]
[WhiteTitle "GM"]
[BlackTitle "GM"]
[WhiteFideId "44155573"]
[BlackFideId "4170350"]
[WhiteElo "2561"]
[BlackElo "2627"]

1. e4 {[%clk 00:45:28]} {[%emt 00:00:02]} c6 {[%clk 00:45:23]} {[%emt
00:00:07]} 2. Nf3 {[%clk 00:45:33]} {[%emt 00:00:10]} d5 {[%clk 00:45:31]}
{[%emt 00:00:07]} 3. Nc3 {[%clk 00:45:43]} {[%emt 00:00:06]} dxe4 {[%clk
00:44:42]} {[%emt 00:01:04]} 4. Nxe4 {[%clk 00:45:53]} {[%emt 00:00:05]} Nf6
{[%clk 00:44:51]} {[%emt 00:00:05]} 5. Nxf6+ {[%clk 00:45:51]} {[%emt
00:00:17]} exf6 {[%clk 00:45:00]} {[%emt 00:00:06]} 6. Bc4 {[%clk 00:46:02]}
{[%emt 00:00:05]} Bd6 {[%clk 00:38:58]} {[%emt 00:06:16]} 7. Qe2+ {[%clk
00:45:47]} {[%emt 00:00:30]} Qe7 {[%clk 00:39:12]} {[%emt 00:00:02]} 8. Qxe7+
{[%clk 00:45:45]} {[%emt 00:00:17]} Kxe7 {[%clk 00:39:24]} {[%emt 00:00:02]} 9.
O-O {[%clk 00:45:51]} {[%emt 00:00:09]} Rd8 {[%clk 00:39:34]} {[%emt 00:00:05]}
10. Re1+ {[%clk 00:44:39]} {[%emt 00:01:28]} Kf8 {[%clk 00:39:46]} {[%emt
00:00:02]} 11. d4 {[%clk 00:44:38]} {[%emt 00:00:16]} a5 {[%clk 00:39:51]}
{[%emt 00:00:11]} 12. a4 {[%clk 00:44:37]} {[%emt 00:00:16]} Na6 {[%clk
00:39:43]} {[%emt 00:00:23]} 13. c3 {[%clk 00:44:35]} {[%emt 00:00:18]} Nc7
{[%clk 00:39:34]} {[%emt 00:00:23]} 14. Bd3 {[%clk 00:42:40]} {[%emt 00:02:10]}
Be6 {[%clk 00:37:30]} {[%emt 00:02:19]} 15. Nd2 {[%clk 00:41:24]} {[%emt
00:01:31]} c5 {[%clk 00:30:26]} {[%emt 00:07:19]} 16. dxc5 {[%clk 00:35:57]}
{[%emt 00:05:42]} Bxc5 {[%clk 00:24:30]} {[%emt 00:06:11]} 17. Bc2 {[%clk
00:27:50]} {[%emt 00:08:21]} Bb6 {[%clk 00:21:52]} {[%emt 00:02:53]} 18. Nf1
{[%clk 00:25:13]} {[%emt 00:02:52]} h6 {[%clk 00:15:26]} {[%emt 00:06:41]} 19.
Be3 {[%clk 00:12:42]} {[%emt 00:12:45]} Nd5 {[%clk 00:13:24]} {[%emt 00:02:17]}
20. Rad1 {[%clk 00:11:16]} {[%emt 00:01:41]} Nxe3 {[%clk 00:12:10]} {[%emt
00:01:30]} 21. Nxe3 {[%clk 00:11:05]} {[%emt 00:00:26]} Rxd1 {[%clk 00:09:12]}
{[%emt 00:03:13]} 22. Rxd1 {[%clk 00:10:47]} {[%emt 00:00:33]} Bxe3 {[%clk
00:08:14]} {[%emt 00:01:13]} 23. fxe3 {[%clk 00:10:56]} {[%emt 00:00:06]} Ke7
{[%clk 00:08:26]} {[%emt 00:00:03]} 24. Rd4 {[%clk 00:07:36]} {[%emt 00:03:35]}
Rc8 {[%clk 00:08:29]} {[%emt 00:00:12]} 25. Bd3 {[%clk 00:06:23]} {[%emt
00:01:28]} Rc5 {[%clk 00:07:47]} {[%emt 00:00:57]} 26. Kf2 {[%clk 00:06:21]}
{[%emt 00:00:17]} Bd7 {[%clk 00:05:25]} {[%emt 00:02:37]} 27. h3 {[%clk
00:05:21]} {[%emt 00:01:16]} Be6 {[%clk 00:04:13]} {[%emt 00:01:27]} 28. Be4
{[%clk 00:04:35]} {[%emt 00:01:01]} b6 {[%clk 00:04:24]} {[%emt 00:00:04]} 29.
Ke2 {[%clk 00:03:16]} {[%emt 00:01:34]} Bb3 {[%clk 00:03:37]} {[%emt 00:01:02]}
30. Kd2 {[%clk 00:03:00]} {[%emt 00:00:31]} g6 {[%clk 00:02:10]} {[%emt
00:01:42]} 31. Bc2 {[%clk 00:02:23]} {[%emt 00:00:51]} Be6 {[%clk 00:02:00]}
{[%emt 00:00:25]} 32. Bd1 {[%clk 00:01:46]} {[%emt 00:00:52]} Bd7 {[%clk
00:01:17]} {[%emt 00:00:58]} 33. Bf3 {[%clk 00:01:17]} {[%emt 00:00:44]} Re5
{[%clk 00:01:07]} {[%emt 00:00:26]} 34. Kd3 {[%clk 00:00:34]} {[%emt 00:00:58]}
Bf5+ {[%clk 00:01:18]} {[%emt 00:00:03]} 35. Kd2 {[%clk 00:00:37]} {[%emt
00:00:12]} Bd7 {[%clk 00:01:32]} {[%emt 00:00:01]} 36. Kd3 {[%clk 00:00:42]}
{[%emt 00:00:10]} 1/2-1/2

[Event "M.I. Dvoretsky Memorial 2022"]
[Site "Moscow, Russia"]
[Date "2022.12.12"]
[Round "5.1"]
[White "Dreev, Aleksey"]
[Black "Nesterov, Arseniy"]
[Result "1/2-1/2"]
[TimeControl "45'+15\""]
[WhiteTitle "GM"]
[BlackTitle "GM"]
[WhiteFideId "4100107"]
[BlackFideId "24198455"]
[WhiteElo "2606"]
[BlackElo "2573"]

1. d4 {[%clk 00:45:28]} Nf6 {[%clk 00:45:21]} {[%emt 00:00:09]} 2. c4 {[%clk
00:45:37]} {[%emt 00:00:06]} e6 {[%clk 00:45:32]} {[%emt 00:00:04]} 3. Nc3
{[%clk 00:45:37]} {[%emt 00:00:15]} d5 {[%clk 00:45:43]} {[%emt 00:00:05]} 4.
cxd5 {[%clk 00:45:31]} {[%emt 00:00:22]} exd5 {[%clk 00:45:52]} {[%emt
00:00:05]} 5. Bg5 {[%clk 00:45:39]} {[%emt 00:00:06]} Bb4 {[%clk 00:46:03]}
{[%emt 00:00:05]} 6. e3 {[%clk 00:44:58]} {[%emt 00:00:55]} h6 {[%clk
00:46:12]} {[%emt 00:00:06]} 7. Bxf6 {[%clk 00:42:15]} {[%emt 00:02:59]} Qxf6
{[%clk 00:46:04]} {[%emt 00:00:23]} 8. Qa4+ {[%clk 00:36:28]} {[%emt 00:06:02]}
Nc6 {[%clk 00:46:10]} {[%emt 00:00:09]} 9. Bb5 {[%clk 00:35:25]} {[%emt
00:01:18]} Bxc3+ {[%clk 00:41:17]} {[%emt 00:05:08]} 10. bxc3 {[%clk 00:35:31]}
{[%emt 00:00:09]} O-O {[%clk 00:41:27]} {[%emt 00:00:05]} 11. Nf3 {[%clk
00:30:49]} {[%emt 00:04:56]} Qg6 {[%clk 00:38:18]} {[%emt 00:03:25]} 12. O-O
{[%clk 00:27:16]} {[%emt 00:03:47]} Bh3 {[%clk 00:38:20]} {[%emt 00:00:12]} 13.
Ne1 {[%clk 00:27:14]} {[%emt 00:00:18]} Bf5 {[%clk 00:34:24]} {[%emt 00:04:12]}
14. Rd1 {[%clk 00:24:41]} {[%emt 00:02:47]} Ne7 {[%clk 00:24:41]} {[%emt
00:10:00]} 15. Bd3 {[%clk 00:24:29]} {[%emt 00:00:27]} Rfc8 {[%clk 00:21:57]}
{[%emt 00:02:59]} 16. Qb4 {[%clk 00:16:29]} {[%emt 00:08:14]} Qd6 {[%clk
00:21:19]} {[%emt 00:00:54]} 17. Qb1 {[%clk 00:13:15]} {[%emt 00:03:29]} Bxd3
{[%clk 00:13:59]} {[%emt 00:07:36]} 18. Nxd3 {[%clk 00:13:22]} {[%emt
00:00:08]} b6 {[%clk 00:14:00]} {[%emt 00:00:14]} 19. Rd2 {[%clk 00:13:11]}
{[%emt 00:00:26]} Rab8 {[%clk 00:11:24]} {[%emt 00:02:52]} 20. Qb4 {[%clk
00:10:30]} {[%emt 00:02:55]} Nc6 {[%clk 00:10:32]} {[%emt 00:01:08]} 21. Qxd6
{[%clk 00:08:16]} {[%emt 00:02:28]} cxd6 {[%clk 00:10:27]} {[%emt 00:00:20]} 22.
Rb1 {[%clk 00:08:24]} {[%emt 00:00:07]} Ne7 {[%clk 00:10:17]} {[%emt 00:00:25]}
23. Rc2 {[%clk 00:07:53]} {[%emt 00:00:46]} Rc4 {[%clk 00:10:04]} {[%emt
00:00:26]} 24. Kf1 {[%clk 00:07:21]} {[%emt 00:00:48]} Rbc8 {[%clk 00:09:31]}
{[%emt 00:00:49]} 25. Rb3 {[%clk 00:07:33]} {[%emt 00:00:03]} f5 {[%clk
00:08:54]} {[%emt 00:00:52]} 26. Ke2 {[%clk 00:07:00]} {[%emt 00:00:48]} Kf7
{[%clk 00:09:02]} {[%emt 00:00:07]} 27. Kd2 {[%clk 00:06:35]} {[%emt 00:00:41]}
g5 {[%clk 00:08:59]} {[%emt 00:00:18]} 28. Ra3 {[%clk 00:04:36]} {[%emt
00:02:14]} R4c7 {[%clk 00:08:23]} {[%emt 00:00:51]} 29. Nb4 {[%clk 00:04:29]}
{[%emt 00:00:21]} Ke6 {[%clk 00:08:06]} {[%emt 00:00:32]} 30. Ra6 {[%clk
00:04:37]} {[%emt 00:00:08]} Ng6 {[%clk 00:07:30]} {[%emt 00:00:50]} 31. f3
{[%clk 00:02:48]} {[%emt 00:02:04]} h5 {[%clk 00:03:55]} {[%emt 00:03:50]} 32.
a4 {[%clk 00:02:52]} {[%emt 00:00:11]} Nf8 {[%clk 00:02:28]} {[%emt 00:01:42]}
33. c4 {[%clk 00:02:07]} {[%emt 00:01:00]} Rxc4 {[%clk 00:01:54]} {[%emt
00:00:49]} 34. Rxa7 {[%clk 00:02:13]} {[%emt 00:00:10]} f4 {[%clk 00:01:22]}
{[%emt 00:00:47]} 35. Rxc4 {[%clk 00:01:53]} {[%emt 00:00:35]} Rxc4 {[%clk
00:01:27]} {[%emt 00:00:10]} 36. Nd3 {[%clk 00:02:03]} {[%emt 00:00:04]} fxe3+
{[%clk 00:00:54]} {[%emt 00:00:48]} 37. Kxe3 {[%clk 00:02:17]} {[%emt
00:00:01]} Ng6 {[%clk 00:01:07]} {[%emt 00:00:02]} 38. Rg7 {[%clk 00:01:15]}
{[%emt 00:01:16]} Kf6 {[%clk 00:01:20]} {[%emt 00:00:03]} 39. Rd7 {[%clk
00:01:27]} {[%emt 00:00:03]} Ke6 {[%clk 00:01:33]} {[%emt 00:00:03]} 40. Rg7
{[%clk 00:01:10]} {[%emt 00:00:31]} Ke5 {[%emt 00:00:12]} 41. Ke4+ Nf8+ {[%emt
00:00:53]} 42. Nb4+ Ke6+ {[%emt 00:00:08]} 1/2-1/2

[Event "M.I. Dvoretsky Memorial 2022"]
[Site "Moscow, Russia"]
[Date "2022.12.12"]
[Round "5.2"]
[White "Riazantsev, Alexander"]
[Black "Grebnev, Aleksey"]
[Result "1-0"]
[TimeControl "45'+15\""]
[WhiteTitle "GM"]
[BlackTitle "IM"]
[WhiteFideId "4125029"]
[BlackFideId "34189030"]
[WhiteElo "2626"]
[BlackElo "2486"]

1. d4 {[%clk 00:44:51]} {[%emt 00:00:37]} Nf6 {[%clk 00:45:23]} {[%emt
00:00:08]} 2. c4 {[%clk 00:44:53]} {[%emt 00:00:14]} e6 {[%clk 00:45:32]}
{[%emt 00:00:05]} 3. Nf3 {[%clk 00:44:37]} {[%emt 00:00:31]} d5 {[%clk
00:45:41]} {[%emt 00:00:06]} 4. Nc3 {[%clk 00:44:44]} {[%emt 00:00:08]} Bb4
{[%clk 00:45:50]} {[%emt 00:00:06]} 5. Bg5 {[%clk 00:43:31]} {[%emt 00:01:28]}
h6 {[%clk 00:45:56]} {[%emt 00:00:10]} 6. Bxf6 {[%clk 00:42:51]} {[%emt
00:00:54]} Qxf6 {[%clk 00:46:04]} {[%emt 00:00:06]} 7. e3 {[%clk 00:42:53]}
{[%emt 00:00:13]} O-O {[%clk 00:46:07]} {[%emt 00:00:12]} 8. Rc1 {[%clk
00:43:02]} {[%emt 00:00:06]} dxc4 {[%clk 00:46:11]} {[%emt 00:00:11]} 9. Bxc4
{[%clk 00:42:48]} {[%emt 00:00:28]} c5 {[%clk 00:46:20]} {[%emt 00:00:07]} 10.
O-O {[%clk 00:41:44]} {[%emt 00:01:19]} cxd4 {[%clk 00:46:29]} {[%emt
00:00:07]} 11. Ne4 {[%clk 00:40:50]} {[%emt 00:01:09]} Qe7 {[%clk 00:46:07]}
{[%emt 00:00:36]} 12. a3 {[%clk 00:40:39]} {[%emt 00:00:27]} Ba5 {[%clk
00:45:16]} {[%emt 00:01:06]} 13. Qxd4 {[%clk 00:40:43]} {[%emt 00:00:10]} Rd8
{[%clk 00:33:48]} {[%emt 00:11:43]} 14. Qe5 {[%clk 00:40:11]} {[%emt 00:00:47]}
Bc7 {[%clk 00:32:34]} {[%emt 00:01:30]} 15. Qh5 {[%clk 00:38:34]} {[%emt
00:01:51]} b6 {[%clk 00:23:59]} {[%emt 00:08:51]} 16. Nfg5 {[%clk 00:07:13]}
{[%emt 00:31:36]} Bb7 {[%clk 00:16:10]} {[%emt 00:08:04]} 17. f4 {[%clk
00:07:00]} {[%emt 00:00:28]} Bd5 {[%clk 00:08:21]} {[%emt 00:08:04]} 18. Nxf7
{[%clk 00:02:03]} {[%emt 00:05:12]} Bxe4 {[%clk 00:03:26]} {[%emt 00:05:10]} 19.
Nxd8 {[%clk 00:02:15]} {[%emt 00:00:03]} Bxd8 {[%clk 00:02:53]} {[%emt
00:00:48]} 20. Qe5 {[%clk 00:02:29]} {[%emt 00:00:01]} Bb7 {[%clk 00:03:00]}
{[%emt 00:00:08]} 21. Bxe6+ {[%clk 00:02:42]} {[%emt 00:00:02]} Kh8 {[%clk
00:01:24]} {[%emt 00:01:51]} 22. Bd5 {[%clk 00:02:22]} {[%emt 00:00:35]} Bxd5
{[%clk 00:00:19]} {[%emt 00:01:20]} 23. Qxd5 {[%clk 00:02:30]} {[%emt
00:00:07]} Nc6 {[%clk 00:00:21]} {[%emt 00:00:13]} 24. Qxc6 {[%clk 00:02:34]}
{[%emt 00:00:11]} Qxe3+ {[%clk 00:00:32]} {[%emt 00:00:04]} 25. Kh1 {[%clk
00:02:47]} {[%emt 00:00:02]} Rb8 {[%clk 00:00:45]} {[%emt 00:00:02]} 26. Qd6
{[%clk 00:02:41]} {[%emt 00:00:21]} Ra8 {[%clk 00:00:58]} {[%emt 00:00:02]} 27.
Rce1 {[%clk 00:02:44]} {[%emt 00:00:12]} 1-0

[ePGN "0.1;DGT LiveChess/2.2.5"]